[Event "Master Tournament (MTO)"]
[Site "Biel/Bienne"]
[Date "2018.07.31"]
[Round "8.7"]
[White "Bilguun, Sumiya"]
[Black "Dragun, Kamil"]
[Result "1-0"]
[WhiteElo "2490"]
[BlackElo "2594"]
[PlyCount "59"]
[EventDate "2018.07.23"]

1. e4 e5 2. Nf3 Nc6 3. Bc4 Bc5 4. O-O Nf6 5. d3 d6 6. c3 O-O 7. h3 a6 8. a4 Ba7
9. Re1 Ne7 10. Bb3 Ng6 11. d4 h6 12. Nbd2 Re8 13. Bc2 Nh5 14. Nf1 Qf6 15. Ne3
Nhf4 16. Ng4 Qe7 17. Be3 h5 18. Ngh2 Qf6 19. h4 c5 20. d5 c4 21. g3 Nxh4 22.
gxh4 Qg6+ 23. Ng5 Bxe3 24. fxe3 Nh3+ 25. Kf1 f6 26. Ngf3 Qg3 27. Qd2 f5 28.
exf5 e4 29. Qg2 Qxg2+ 30. Kxg2 1-0

[Event "Master Tournament (MTO)"]
[Site "Biel/Bienne"]
[Date "2018.07.31"]
[Round "8.8"]
[White "Erigaisi, Arjun"]
[Black "Romanov, Evgeny"]
[Result "0-1"]
[WhiteElo "2499"]
[BlackElo "2636"]
[PlyCount "92"]
[EventDate "2018.07.23"]

1. Nf3 Nf6 2. c4 b6 3. g3 Bb7 4. Bg2 g6 5. O-O Bg7 6. d4 O-O 7. d5 Na6 8. Nc3
Nc5 9. Nd4 e5 10. Nc2 a5 11. b3 d6 12. Rb1 h5 13. e4 Bc8 14. Bg5 Qe8 15. Na3
Nh7 16. Be3 f5 17. Nab5 Qe7 18. exf5 Bxf5 19. Bxc5 bxc5 20. Ne4 h4 21. Qe2 Qd7
22. Qe3 g5 23. f3 h3 24. Bh1 Rf7 25. Rb2 Raf8 26. Rff2 Bh6 27. Qe1 Bg6 28. Nbc3
Nf6 29. Nxf6+ Rxf6 30. Ne4 R6f7 31. g4 Bxe4 32. Qxe4 Rf4 33. Qg6+ Qg7 34. Qh5
e4 35. Qxh3 exf3 36. Qh5 Qd4 37. Bxf3 Bg7 38. Rbd2 Qc3 39. Rc2 Qf6 40. Be4 Qa1+
41. Kg2 Rxe4 42. Rxf8+ Kxf8 43. Qxg5 Qe5 44. Qd8+ Kf7 45. Rf2+ Kg6 46. Qh4 Re3
0-1

[Event "Master Tournament (MTO)"]
[Site "Biel/Bienne"]
[Date "2018.07.31"]
[Round "8.9"]
[White "Antipov, Mikhail Al"]
[Black "Stojanovic, Mihajlo"]
[Result "1/2-1/2"]
[WhiteElo "2626"]
[BlackElo "2486"]
[PlyCount "41"]
[EventDate "2018.07.23"]

1. e4 e6 2. d4 d5 3. Nd2 c5 4. Ngf3 cxd4 5. exd5 Qxd5 6. Bc4 Qd6 7. O-O Nf6 8.
Nb3 Nc6 9. Nbxd4 Nxd4 10. Nxd4 Bd7 11. b3 a6 12. Bb2 b5 13. Qf3 Rc8 14. Bd3 Be7
15. Rad1 Qc5 16. Rfe1 O-O 17. Qh3 Rfd8 18. Nf3 Qh5 19. Qg3 Qg4 20. Qe5 Bc6 21.
h3 1/2-1/2

[Event "Master Tournament (MTO)"]
[Site "Biel/Bienne"]
[Date "2018.07.31"]
[Round "8.10"]
[White "Indjic, Aleksandar"]
[Black "Bellaiche, Anthony"]
[Result "1-0"]
[WhiteElo "2599"]
[BlackElo "2459"]
[PlyCount "147"]
[EventDate "2018.07.23"]

1. d4 d5 2. c4 c6 3. Nf3 Nf6 4. Nc3 e6 5. Bg5 dxc4 6. a4 Bb4 7. e4 Qa5 8. Bd2
c5 9. Bxc4 cxd4 10. Nxd4 O-O 11. Nc2 Rd8 12. Nxb4 Qxb4 13. Qb3 Qe7 14. Bg5 Nc6
15. O-O Nd4 16. Qa2 Qc5 17. Bf4 Bd7 18. Rad1 Rac8 19. Bd3 e5 20. Bg5 Be6 21.
Qb1 Bb3 22. Bxf6 gxf6 23. Rde1 Kh8 24. Re3 Rg8 25. Kh1 Ne6 26. Rfe1 Rcd8 27.
Bc2 Bc4 28. b3 Bd3 29. Bxd3 Qxc3 30. Bc4 Qd2 31. Rf1 Rd7 32. g3 b6 33. Qc1 Rgd8
34. Kg2 Kg7 35. h4 Nc5 36. Kf3 a5 37. Qxd2 Rxd2 38. Kg4 R8d4 39. Bd5 Rd1 40.
Rxd1 Rxd1 41. f4 Rh1 42. Rf3 Nd7 43. b4 axb4 44. Rb3 exf4 45. gxf4 f5+ 46. Kxf5
Rxh4 47. e5 Nf8 48. Rxb4 Ng6 49. Bb3 h5 50. e6 fxe6+ 51. Bxe6 Rg4 52. Rxb6
Rxf4+ 53. Kg5 Rxa4 54. Rb7+ Kf8 55. Kxg6 Rf4 56. Bf5 Ke8 57. Kf6 Rd4 58. Rc7 h4
59. Rc8+ Rd8 60. Rc4 Rd2 61. Rxh4 Kd8 62. Rc4 Ke8 63. Rc1 Rd4 64. Ke5 Rd2 65.
Ke6 Re2+ 66. Kf6 Rd2 67. Rc4 Rd1 68. Ke6 Re1+ 69. Be4 Kf8 70. Kf6 Ke8 71. Rd4
Rf1+ 72. Bf5 Rf2 73. Rd1 Rf4 74. Re1+ 1-0

[Event "Master Tournament (MTO)"]
[Site "Biel/Bienne"]
[Date "2018.07.31"]
[Round "8.11"]
[White "Arjun, Kalyan"]
[Black "Aravindh, Chithambaram Vr"]
[Result "1-0"]
[WhiteElo "2370"]
[BlackElo "2580"]
[PlyCount "71"]
[EventDate "2018.07.23"]

1. e4 c5 2. Nf3 e6 3. d4 cxd4 4. Nxd4 a6 5. Bd3 g6 6. c4 Bg7 7. Nf3 Ne7 8. O-O
Nbc6 9. Nc3 O-O 10. Bg5 h6 11. Bh4 d6 12. Qd2 g5 13. Bg3 Ng6 14. Be2 g4 15. Ne1
h5 16. Bxd6 Bd4 17. Bf4 Nxf4 18. Qxf4 Kg7 19. Rd1 e5 20. Qd2 Qf6 21. Nc2 Qg6
22. b4 Be6 23. b5 axb5 24. cxb5 Bxc3 25. Qxc3 Ne7 26. Qxe5+ Qf6 27. Qxf6+ Kxf6
28. f4 gxf3 29. Rxf3+ Kg7 30. Nd4 Bg4 31. Re3 Ng6 32. Bxg4 hxg4 33. Rg3 Rxa2
34. Nf5+ Kf6 35. Rd6+ Ke5 36. Rxg4 1-0

[Event "Master Tournament (MTO)"]
[Site "Biel/Bienne"]
[Date "2018.07.31"]
[Round "8.12"]
[White "Krejci, Jan"]
[Black "Meins, Gerlef"]
[Result "1/2-1/2"]
[WhiteElo "2578"]
[BlackElo "2409"]
[PlyCount "102"]
[EventDate "2018.07.23"]

1. Nf3 Nf6 2. c4 c5 3. Nc3 Nc6 4. d4 cxd4 5. Nxd4 g6 6. g3 d6 7. Bg2 Bd7 8. Nb3
Qc8 9. Bg5 Bg7 10. Rc1 h6 11. Bxf6 Bxf6 12. O-O b6 13. Qd2 Bg7 14. Qe3 O-O 15.
Bxc6 Bxc6 16. Qxe7 Bxc3 17. Rxc3 Qh3 18. f3 Rfe8 19. Qh4 Qxh4 20. gxh4 Rac8 21.
Kf2 d5 22. c5 Ba4 23. cxb6 Bxb3 24. Rxc8 Rxc8 25. axb3 axb6 26. Rd1 Rd8 27. Rd4
f5 28. h5 g5 29. h4 Kg7 30. Kg3 Kf6 31. e3 Re8 32. hxg5+ Kxg5 33. Rxd5 Rxe3 34.
b4 Rb3 35. Rb5 Rxb2 36. f4+ Kxh5 37. Rxf5+ Kg6 38. Rb5 Rb3+ 39. Kf2 Kf6 40. Ke2
h5 41. Rxb6+ Kf5 42. Rb5+ Kxf4 43. Rxh5 Ke4 44. Kd2 Kd4 45. Rh4+ Kd5 46. Ke2
Rg3 47. Rh5+ Kc4 48. b5 Rc3 49. Kd2 Rb3 50. Kc2 Rxb5 51. Rxb5 Kxb5 1/2-1/2

[Event "Master Tournament (MTO)"]
[Site "Biel/Bienne"]
[Date "2018.07.31"]
[Round "8.13"]
[White "Radovanovic, Mihajlo"]
[Black "Kovchan, Alexander"]
[Result "0-1"]
[WhiteElo "2402"]
[BlackElo "2572"]
[PlyCount "64"]
[EventDate "2018.07.23"]

1. d4 Nf6 2. c4 e6 3. Nc3 Bb4 4. Qc2 d5 5. a3 Bxc3+ 6. Qxc3 O-O 7. Bg5 dxc4 8.
Qxc4 b6 9. Nf3 Ba6 10. Qa4 h6 11. Bh4 c5 12. dxc5 bxc5 13. Rd1 Qb6 14. Bxf6
gxf6 15. h4 Nc6 16. Rh3 Rfd8 17. Rg3+ Kf8 18. Nd2 Nd4 19. Rb1 Bb5 20. Qd1 Rd7
21. Qc1 Ke7 22. Ne4 Ba4 23. Rc3 c4 24. Qxh6 e5 25. e3 Nc2+ 26. Ke2 Rg8 27. f3
Rg6 28. Qh8 Rd3 29. Rxd3 cxd3+ 30. Kd2 Qxe3+ 31. Kc3 Qd4+ 32. Kd2 Rxg2+ 0-1

[Event "Master Tournament (MTO)"]
[Site "Biel/Bienne"]
[Date "2018.07.31"]
[Round "8.14"]
[White "Lampert, Jonas"]
[Black "Tania, Sachdev"]
[Result "1/2-1/2"]
[WhiteElo "2546"]
[BlackElo "2393"]
[PlyCount "97"]
[EventDate "2018.07.23"]

1. e4 e5 2. Nf3 Nc6 3. Bb5 a6 4. Ba4 Nf6 5. Nc3 b5 6. Bb3 Be7 7. d3 Bb7 8. a4
b4 9. Nd5 Na5 10. Ba2 Nxd5 11. Bxd5 Bxd5 12. exd5 O-O 13. Nxe5 Bd6 14. d4 Qe7
15. O-O Bxe5 16. dxe5 Qxe5 17. Re1 Qf5 18. b3 Rfe8 19. Rxe8+ Rxe8 20. Be3 Nb7
21. Qd2 a5 22. Rc1 Nd6 23. c3 bxc3 24. Rxc3 Ne4 25. Qd3 Qe5 26. Rc1 Nf6 27. h3
Nxd5 28. Bd2 Nf4 29. Bxf4 Qxf4 30. Rd1 d6 31. Qc3 Qb4 32. Qc6 Re1+ 33. Rxe1
Qxe1+ 34. Kh2 Qe7 35. g3 h5 36. Qxc7 g6 37. Qb6 Qe2 38. Qe3 Qb2 39. Kg2 d5 40.
Qd3 Qe5 41. Qd2 Qe4+ 42. f3 Qe5 43. h4 Kg7 44. Kf2 d4 45. Qd3 Kh7 46. Qe2 Qd6
47. Qd3 Qe5 48. Qe2 Qd6 49. Qd3 1/2-1/2

[Event "Master Tournament (MTO)"]
[Site "Biel/Bienne"]
[Date "2018.07.31"]
[Round "8.15"]
[White "Prithu, Gupta"]
[Black "Zoler, Dan"]
[Result "1-0"]
[WhiteElo "2436"]
[BlackElo "2506"]
[PlyCount "73"]
[EventDate "2018.07.23"]

1. e4 e5 2. Nf3 Nc6 3. Bb5 a6 4. Ba4 Nf6 5. O-O Be7 6. Re1 b5 7. Bb3 d6 8. c3
O-O 9. h3 Nb8 10. d4 Nbd7 11. c4 c6 12. Nc3 b4 13. Ne2 Nxe4 14. Qc2 Ng5 15.
Bxg5 Bxg5 16. Rad1 Bf6 17. Ng3 exd4 18. Nxd4 Bxd4 19. Rxd4 Nc5 20. Qd2 Ra7 21.
Rxd6 Rd7 22. Rd1 a5 23. Rxd7 Nxd7 24. Qd6 Qf6 25. Qc7 Qxb2 26. Nf5 Qe5 27. Nd6
Nf6 28. c5 Be6 29. Qe7 a4 30. Nxf7 Re8 31. Qxe8+ Nxe8 32. Nxe5 axb3 33. Rd8 Kf8
34. axb3 Bxb3 35. Nxc6 Ba4 36. Nxb4 Ke7 37. Rd2 1-0

[Event "Master Tournament (MTO)"]
[Site "Biel/Bienne"]
[Date "2018.07.31"]
[Round "8.16"]
[White "Mamedjarova, Turkan"]
[Black "Flom, Gabriel"]
[Result "1/2-1/2"]
[WhiteElo "2309"]
[BlackElo "2515"]
[PlyCount "106"]
[EventDate "2018.07.23"]

1. Nf3 c5 2. c4 Nf6 3. g3 Nc6 4. Bg2 e5 5. d3 d5 6. cxd5 Nxd5 7. O-O Be7 8. Nc3
Nxc3 9. bxc3 Be6 10. Qa4 O-O 11. Rb1 Rb8 12. Rd1 Qd7 13. Ng5 Bxg5 14. Bxg5 Bd5
15. Be3 Bxg2 16. Kxg2 b6 17. Qb5 Qe6 18. a4 f5 19. f3 Ne7 20. c4 f4 21. Bf2
fxg3 22. hxg3 g5 23. Rh1 g4 24. Rbe1 Qf5 25. f4 exf4 26. gxf4 Ng6 27. e3 Qxd3
28. Qc6 Qxc4 29. Rd1 Rf7 30. Rd4 Qa2 31. Rd5 Qe2 32. Rg5 Qf3+ 33. Qxf3 gxf3+
34. Kxf3 Rbf8 35. Be1 Rf5 36. Rg2 R8f7 37. Bc3 Kf8 38. Rgh2 Nxf4 39. exf4 Rxf4+
40. Ke3 Rxa4 41. Rxh7 Ke7 42. Be5 a6 43. Bc7 Rb4 44. Rxf7+ Kxf7 45. Rh6 b5 46.
Rxa6 Rb3+ 47. Ke4 c4 48. Be5 b4 49. Rc6 c3 50. Kf5 Rb1 51. Rc7+ Kg8 52. Rc8+
Kf7 53. Rc7+ Kg8 1/2-1/2

[Event "Master Tournament (MTO)"]
[Site "Biel/Bienne"]
[Date "2018.07.31"]
[Round "8.17"]
[White "Gordievsky, Dmitry"]
[Black "Gindi, Shachar"]
[Result "1-0"]
[WhiteElo "2638"]
[BlackElo "2378"]
[PlyCount "49"]
[EventDate "2018.07.23"]

1. Nf3 d5 2. g3 Nc6 3. d4 Bg4 4. Bg2 Qd7 5. h3 Bxf3 6. exf3 O-O-O 7. O-O h5 8.
h4 e5 9. dxe5 Nxe5 10. Nc3 Ne7 11. Qe2 f6 12. Rd1 d4 13. f4 N5c6 14. a3 Nf5 15.
Ne4 Qe6 16. Qd3 g6 17. b4 Rh7 18. Bd2 Rhd7 19. Re1 Qf7 20. Nc5 Bxc5 21. bxc5
Rd5 22. Qb3 Qg8 23. Bxd5 Qxd5 24. Re8 Qxc5 25. Bb4 1-0

[Event "Master Tournament (MTO)"]
[Site "Biel/Bienne"]
[Date "2018.07.31"]
[Round "8.18"]
[White "Karthikeyan, Murali"]
[Black "Kaasen, Tor Fredrik"]
[Result "1-0"]
[WhiteElo "2609"]
[BlackElo "2396"]
[PlyCount "55"]
[EventDate "2018.07.23"]

1. Nf3 d5 2. g3 Bg4 3. Bg2 e6 4. O-O Nf6 5. c4 c6 6. cxd5 exd5 7. h3 Bh5 8. d4
Be7 9. Ne5 Nbd7 10. f4 Nxe5 11. dxe5 Bc5+ 12. Kh2 Nd7 13. Qc2 Qe7 14. Nc3 f6
15. e4 dxe4 16. Nxe4 fxe5 17. fxe5 Bg6 18. e6 Nf6 19. Rxf6 Bxe4 20. Bxe4 gxf6
21. b4 Bd4 22. Bxc6+ Kd8 23. Qd1 Qxb4 24. Ba3 Qb6 25. Bxb7 Kc7 26. Bg2 Rad8 27.
Rc1+ Kb8 28. Qf3 1-0

[Event "Master Tournament (MTO)"]
[Site "Biel/Bienne"]
[Date "2018.07.31"]
[Round "8.19"]
[White "Bartel, Mateusz"]
[Black "Videnova, Iva"]
[Result "1-0"]
[WhiteElo "2604"]
[BlackElo "2369"]
[PlyCount "89"]
[EventDate "2018.07.23"]

1. d4 Nf6 2. g3 g6 3. Bg2 Bg7 4. e4 O-O 5. Ne2 d6 6. O-O e5 7. c3 Nc6 8. d5 Ne7
9. c4 Nd7 10. Nbc3 f5 11. f3 Nf6 12. Bd2 c6 13. Qb3 c5 14. h3 Nh5 15. exf5 Nxf5
16. g4 Nd4 17. Nxd4 cxd4 18. Ne2 Nf4 19. Nxf4 exf4 20. Rfe1 h5 21. Re4 hxg4 22.
hxg4 g5 23. Rae1 b6 24. Qd3 Qf6 25. Re7 Rf7 26. Re8+ Rf8 27. Bf1 Rxe8 28. Rxe8+
Kf7 29. Re4 Bd7 30. Be1 Re8 31. Bf2 Rxe4 32. Qxe4 Qe5 33. Qh7 Ke7 34. Bd3 a6
35. Qg8 Bf8 36. Qh7+ Bg7 37. b3 b5 38. Kg2 bxc4 39. bxc4 Kf8 40. Qh1 a5 41. Qb1
a4 42. Qb8+ Ke7 43. Qa7 Kd8 44. Qb8+ Ke7 45. Qc7 1-0

[Event "Master Tournament (MTO)"]
[Site "Biel/Bienne"]
[Date "2018.07.31"]
[Round "8.20"]
[White "Michalik, Peter"]
[Black "Ravi, Teja S."]
[Result "1-0"]
[WhiteElo "2562"]
[BlackElo "2360"]
[PlyCount "113"]
[EventDate "2018.07.23"]

1. e4 c6 2. Nf3 d5 3. Nc3 Bg4 4. h3 Bxf3 5. Qxf3 Nf6 6. g3 e6 7. Bg2 Nbd7 8.
Qe2 dxe4 9. Nxe4 Nxe4 10. Qxe4 Be7 11. O-O O-O 12. h4 Qa5 13. d4 Rad8 14. c3
Rfe8 15. Bf4 Nf6 16. Qc2 h6 17. Qb3 Qa6 18. Rfd1 Bd6 19. Bf1 Qb6 20. Qxb6 axb6
21. Bd2 Ra8 22. a4 Nd5 23. Bg2 Ra7 24. b3 f5 25. Re1 Kf7 26. Bf3 Rg8 27. h5 Rd8
28. Rad1 Raa8 29. Re2 Re8 30. Rde1 Rac8 31. c4 Nb4 32. Bc3 Na6 33. Bb2 Bb4 34.
Rd1 Bd6 35. g4 fxg4 36. Bxg4 Nc7 37. Rd3 Rcd8 38. Rf3+ Kg8 39. Rfe3 Kf7 40. Kg2
Be7 41. Bxe6+ Nxe6 42. Rxe6 Bf6 43. Rxe8 Rxe8 44. Rxe8 Kxe8 45. f4 Kf7 46. f5
c5 47. Kf3 cxd4 48. Ke4 d3 49. Bc1 Bb2 50. Be3 Kf6 51. Kf3 Kxf5 52. Bxb6 Be5
53. a5 g6 54. hxg6 h5 55. c5 h4 56. c6 bxc6 57. a6 1-0

[Event "Master Tournament (MTO)"]
[Site "Biel/Bienne"]
[Date "2018.08.01"]
[Round "9.1"]
[White "Vaibhav, Suri"]
[Black "Bilguun, Sumiya"]
[Result "1/2-1/2"]
[WhiteElo "2556"]
[BlackElo "2490"]
[PlyCount "31"]
[EventDate "2018.07.23"]

1. d4 d5 2. c4 e6 3. Nc3 c6 4. e3 Nf6 5. Nf3 Nbd7 6. Qc2 Be7 7. Bd3 b6 8. O-O
Bb7 9. b3 O-O 10. Bb2 h6 11. Rfd1 Qc7 12. Rac1 Rac8 13. Qe2 Rfe8 14. cxd5 exd5
15. Rc2 Ba8 16. Rdc1 1/2-1/2

[Event "Master Tournament (MTO)"]
[Site "Biel/Bienne"]
[Date "2018.08.01"]
[Round "9.2"]
[White "Donchenko, Alexander"]
[Black "Eljanov, Pavel"]
[Result "1/2-1/2"]
[WhiteElo "2588"]
[BlackElo "2706"]
[PlyCount "50"]
[EventDate "2018.07.23"]

1. Nf3 Nf6 2. g3 d5 3. Bg2 e6 4. O-O Be7 5. c4 O-O 6. d4 c6 7. Qc2 b6 8. Nbd2
Bb7 9. e4 Na6 10. a3 c5 11. exd5 exd5 12. dxc5 Nxc5 13. b4 Ne6 14. Bb2 Rc8 15.
Ne5 Qc7 16. Rac1 d4 17. Bxb7 Qxb7 18. Qd3 Nd7 19. Nef3 a5 20. Nxd4 Nxd4 21.
Bxd4 axb4 22. axb4 Bxb4 23. Rfd1 Nc5 24. Bxc5 Bxc5 25. Ne4 Rfe8 1/2-1/2

[Event "Master Tournament (MTO)"]
[Site "Biel/Bienne"]
[Date "2018.08.01"]
[Round "9.3"]
[White "Kuljasevic, Davorin"]
[Black "Salem, A.R. Saleh"]
[Result "1/2-1/2"]
[WhiteElo "2545"]
[BlackElo "2642"]
[PlyCount "59"]
[EventDate "2018.07.23"]

1. d4 Nf6 2. c4 g6 3. Nc3 Bg7 4. e4 d6 5. Nf3 O-O 6. Be2 e5 7. O-O Nc6 8. d5
Ne7 9. b4 Nh5 10. c5 Nf4 11. a4 a5 12. cxd6 cxd6 13. bxa5 Rxa5 14. Nd2 f5 15.
Bb5 fxe4 16. Nc4 Rxb5 17. axb5 Bf5 18. Ra4 Qd7 19. Ne3 Rc8 20. Bd2 Rxc3 21.
Bxc3 Qxb5 22. Ra5 Qd3 23. Qxd3 exd3 24. Bb4 Be4 25. Bxd6 Nexd5 26. Nxd5 Bxd5
27. f3 Kf7 28. Kf2 Ke6 29. Bc5 Bb3 30. Be3 1/2-1/2

[Event "Master Tournament (MTO)"]
[Site "Biel/Bienne"]
[Date "2018.08.01"]
[Round "9.5"]
[White "Romanov, Evgeny"]
[Black "Arjun, Kalyan"]
[Result "1/2-1/2"]
[WhiteElo "2636"]
[BlackElo "2370"]
[PlyCount "93"]
[EventDate "2018.07.23"]

1. c4 e5 2. g3 Nf6 3. Bg2 d5 4. cxd5 Nxd5 5. Nf3 Nc6 6. O-O Nb6 7. d3 Be7 8.
Nbd2 O-O 9. a3 a5 10. b3 Be6 11. Bb2 f6 12. Qc2 Qd7 13. Rfd1 Rfd8 14. Nc4 Qe8
15. Nfd2 Qf7 16. e3 Bd5 17. Nxb6 cxb6 18. Bxd5 Qxd5 19. Nc4 Ra6 20. d4 e4 21.
Nd2 f5 22. Nb1 Ne5 23. Nc3 Nf3+ 24. Kg2 Qf7 25. Nb5 Qh5 26. h3 Raa8 27. Qc4+
Kh8 28. Qc2 Ng5 29. Rh1 Qf3+ 30. Kg1 Re8 31. h4 Ne6 32. Qc4 f4 33. Re1 fxg3 34.
Qe2 Rf8 35. Qxf3 Rxf3 36. fxg3 Rxg3+ 37. Kf2 Rf3+ 38. Ke2 Nf4+ 39. exf4 Rxb3
40. a4 Rxb2+ 41. Ke3 Rb3+ 42. Kxe4 Bxh4 43. Rb1 Re8+ 44. Kd5 Rd8+ 45. Ke4 Re8+
46. Kd5 Rd8+ 47. Ke4 1/2-1/2

[Event "Master Tournament (MTO)"]
[Site "Biel/Bienne"]
[Date "2018.08.01"]
[Round "9.6"]
[White "Lalith, Babu M R"]
[Black "Indjic, Aleksandar"]
[Result "1-0"]
[WhiteElo "2529"]
[BlackElo "2599"]
[PlyCount "105"]
[EventDate "2018.07.23"]

1. Nf3 g6 2. c4 Bg7 3. d4 Nf6 4. Nc3 O-O 5. e4 d6 6. h3 c5 7. d5 e6 8. Bd3 exd5
9. exd5 Re8+ 10. Be3 Nbd7 11. O-O Nh5 12. Re1 Ne5 13. Bf1 f5 14. Be2 Nf7 15.
Qc1 Bd7 16. Rb1 Rc8 17. Bd2 h6 18. b4 b6 19. Qa3 Rc7 20. Rbd1 g5 21. bxc5 bxc5
22. Nb5 Rb7 23. Nxg5 Nxg5 24. Bxh5 Bxb5 25. cxb5 Rxe1+ 26. Bxe1 Rxb5 27. Qd3
Rb2 28. Qxf5 Qf8 29. Qg4 Rxa2 30. h4 Nh7 31. Bd2 Kh8 32. Bg6 Bd4 33. Bf5 Nf6
34. Qf3 Qf7 35. Be3 Ra3 36. Rb1 Ra1 37. Bxd4 Rxb1+ 38. Bxb1 cxd4 39. Qf4 Kg7
40. Qg3+ Kf8 41. Qxd6+ Qe7 42. Qf4 Kg7 43. Qf5 h5 44. Qg6+ Kf8 45. Qh6+ Kg8 46.
Qc1 Qe5 47. Bd3 Kf7 48. Qa1 Ng4 49. Qxa7+ Kf8 50. Qa8+ Kf7 51. Qb7+ Kf8 52.
Qb4+ Kg7 53. d6 1-0

[Event "Master Tournament (MTO)"]
[Site "Biel/Bienne"]
[Date "2018.08.01"]
[Round "9.8"]
[White "Iturrizaga Bonelli, Eduardo"]
[Black "Prithu, Gupta"]
[Result "1/2-1/2"]
[WhiteElo "2652"]
[BlackElo "2436"]
[PlyCount "31"]
[EventDate "2018.07.23"]

1. Nf3 d5 2. c4 e6 3. g3 Nf6 4. Bg2 d4 5. b4 Bxb4 6. Qa4+ Nc6 7. Ne5 Rb8 8. Ba3
Bxa3 9. Nxc6 bxc6 10. Qxa3 Rb6 11. Qxa7 Ra6 12. Qc5 Qd6 13. Qxd6 cxd6 14. d3
Bd7 15. Nd2 Ke7 16. Nb3 1/2-1/2

[Event "Master Tournament (MTO)"]
[Site "Biel/Bienne"]
[Date "2018.08.01"]
[Round "9.9"]
[White "Lampert, Jonas"]
[Black "Gordievsky, Dmitry"]
[Result "1/2-1/2"]
[WhiteElo "2546"]
[BlackElo "2638"]
[PlyCount "120"]
[EventDate "2018.07.23"]

1. e4 c5 2. Nf3 e6 3. d4 cxd4 4. Nxd4 a6 5. Bd3 Nf6 6. O-O Qc7 7. Qe2 d6 8. f4
g6 9. Nc3 Bg7 10. e5 dxe5 11. Ndb5 axb5 12. Nxb5 Qe7 13. fxe5 O-O 14. exf6 Bxf6
15. c3 Bg7 16. Bc4 Kh8 17. a4 Bd7 18. Bf4 e5 19. Be3 Bc6 20. b4 Nd7 21. a5 Bxb5
22. Bxb5 f5 23. Rfd1 Rfd8 24. Bxd7 Rxd7 25. Bc5 Rxd1+ 26. Rxd1 Qe8 27. Rd5 h6
28. Qd2 Qa4 29. Rd7 f4 30. h3 e4 31. Qd6 Qa1+ 32. Qd1 Qxd1+ 33. Rxd1 Bxc3 34.
Bd4+ Bxd4+ 35. Rxd4 e3 36. Rxf4 Rd8 37. Kf1 Kg7 38. Rc4 Kf6 39. Rc7 b5 40. Rc5
Rd2 41. Rxb5 Ra2 42. Rc5 Ra4 43. Rc4 Ke5 44. Ke2 Ra3 45. b5 Rxa5 46. Rb4 Ra7
47. b6 Rb7 48. Kxe3 Kd5 49. Rb2 Kc6 50. Kf4 Rf7+ 51. Kg4 Rb7 52. Rb3 Rb8 53. h4
Rd8 54. Rb4 Rd2 55. g3 Rd5 56. Kf3 Rc5 57. g4 Rc3+ 58. Kf4 Rh3 59. Rb1 Rxh4 60.
Kg3 g5 1/2-1/2

[Event "Master Tournament (MTO)"]
[Site "Biel/Bienne"]
[Date "2018.08.01"]
[Round "9.10"]
[White "Aryan, Chopra"]
[Black "Antipov, Mikhail Al."]
[Result "0-1"]
[WhiteElo "2536"]
[BlackElo "2626"]
[PlyCount "104"]
[EventDate "2018.07.23"]

1. e4 e6 2. d4 d5 3. Nc3 Bb4 4. e5 b6 5. a3 Bxc3+ 6. bxc3 Qd7 7. Qg4 f5 8. Qg3
Ba6 9. Bxa6 Nxa6 10. Ne2 Kf7 11. h4 Ne7 12. Bg5 c5 13. Qd3 Nb8 14. h5 Nbc6 15.
Nf4 cxd4 16. cxd4 h6 17. Bh4 Rhf8 18. Rh3 Ke8 19. Rg3 Rf7 20. Kf1 Rc8 21. Kg1
Nd8 22. a4 Rc4 23. a5 b5 24. Qd2 Qc8 25. c3 a6 26. Ra3 Kd7 27. Nd3 Kc7 28. Nc5
Kb8 29. Rb3 Ka7 30. Rb4 Rxc5 31. dxc5 Nec6 32. Bxd8 Qxd8 33. Rb1 Qh4 34. Rg6
Re7 35. Qe2 Qe4 36. Re1 Qxe2 37. Rxe2 Nxa5 38. g4 fxg4 39. Rxg4 Nc6 40. f4 a5
41. Kf2 Ka6 42. Ke1 d4 43. cxd4 b4 44. Reg2 a4 45. Kd1 Rd7 46. Rd2 Kb5 47. d5
exd5 48. e6 Ra7 49. Kc2 a3 50. Kb3 Na5+ 51. Ka2 b3+ 52. Ka1 b2+ 0-1

[Event "Master Tournament (MTO)"]
[Site "Biel/Bienne"]
[Date "2018.08.01"]
[Round "9.11"]
[White "Flom, Gabriel"]
[Black "Karthikeyan, Murali"]
[Result "0-1"]
[WhiteElo "2515"]
[BlackElo "2609"]
[PlyCount "70"]
[EventDate "2018.07.23"]

1. d4 Nf6 2. c4 g6 3. Nc3 Bg7 4. e4 d6 5. f3 O-O 6. Be3 c5 7. dxc5 dxc5 8. Qxd8
Rxd8 9. Bxc5 Nc6 10. Nge2 Nd7 11. Bf2 Nde5 12. Nf4 f5 13. Rd1 Rxd1+ 14. Kxd1
fxe4 15. fxe4 Bg4+ 16. Kc2 Rf8 17. Bg3 e6 18. Nh3 Nd4+ 19. Kb1 Bxh3 20. gxh3
Nef3 21. Bd3 Nd2+ 22. Kc1 Bh6 23. Kd1 Rf3 24. Be2 Nxe2 25. Kxe2 Re3+ 26. Kxd2
Rxg3+ 27. Kc2 Rxh3 28. Nb5 Bf4 29. Nxa7 Rxh2+ 30. Rxh2 Bxh2 31. c5 h5 32. Kd3
h4 33. Ke2 h3 34. Nb5 g5 35. Nd4 Be5 0-1

[Event "Master Tournament (MTO)"]
[Site "Biel/Bienne"]
[Date "2018.08.01"]
[Round "9.12"]
[White "Stojanovic, Mihajlo"]
[Black "Bartel, Mateusz"]
[Result "0-1"]
[WhiteElo "2486"]
[BlackElo "2604"]
[PlyCount "63"]
[EventDate "2018.07.23"]

1. d4 e6 2. c4 b6 3. a3 Bb7 4. Nc3 Nf6 5. Bg5 Be7 6. e3 d6 7. Nf3 Nbd7 8. h3 h6
9. Bh4 c5 10. Be2 cxd4 11. Qxd4 Nc5 12. Qd1 g5 13. Bg3 Nfe4 14. Nxe4 Nxe4 15.
Bh2 h5 16. Nd4 g4 17. hxg4 hxg4 18. Bxg4 Bh4 19. Bf3 Nxf2 20. Qa4+ Kf8 21. Bxb7
Nxh1+ 22. Ke2 Rb8 23. Bf3 Bg3 24. Qxa7 Rxh2 25. Nc6 Ra8 26. Qb7 Qe8 27. Qxb6
Bh4 28. a4 Ng3+ 29. Kd2 Nf5 30. a5 Bg5 31. Re1 Nh4 32. Re2 0-1

[Event "Master Tournament (MTO)"]
[Site "Biel/Bienne"]
[Date "2018.08.01"]
[Round "9.13"]
[White "Dragun, Kamil"]
[Black "Gähwiler, Gabriel"]
[Result "1/2-1/2"]
[WhiteElo "2594"]
[BlackElo "2419"]
[PlyCount "76"]
[EventDate "2018.07.23"]

1. Nf3 d5 2. g3 Nf6 3. Bg2 g6 4. b3 Bg7 5. Bb2 O-O 6. c4 e6 7. O-O b6 8. cxd5
exd5 9. d4 Bb7 10. Nc3 Nbd7 11. b4 Re8 12. e3 Ne4 13. Qb3 Nf8 14. Rfd1 Nxc3 15.
Bxc3 Ne6 16. a4 Qd7 17. Ne5 Bxe5 18. dxe5 Rad8 19. b5 c5 20. bxc6 Bxc6 21. Bd4
Nc5 22. Bxc5 bxc5 23. Qc3 Qe7 24. Qa5 c4 25. f4 Rd7 26. Rdb1 f6 27. exf6 Qxe3+
28. Kh1 Qd4 29. Re1 Rxe1+ 30. Rxe1 Qxf6 31. Qc5 Qd6 32. Qd4 Re7 33. Rd1 Qe6 34.
h4 Qe3 35. Qf6 Qe6 36. Qd4 Qe3 37. Qf6 Qe6 38. Qd4 Qe3 1/2-1/2

[Event "Master Tournament (MTO)"]
[Site "Biel/Bienne"]
[Date "2018.08.01"]
[Round "9.14"]
[White "Tania, Sachdev"]
[Black "Krejci, Jan"]
[Result "1/2-1/2"]
[WhiteElo "2393"]
[BlackElo "2578"]
[PlyCount "55"]
[EventDate "2018.07.23"]

1. d4 Nf6 2. c4 e6 3. Nf3 d5 4. Nc3 a6 5. cxd5 exd5 6. Bg5 Be6 7. e3 Nbd7 8.
Bd3 c6 9. Qc2 Bd6 10. Bf4 Qc7 11. Bxd6 Qxd6 12. h3 O-O 13. O-O Rfe8 14. Nd2 Nb6
15. Nb3 Qe7 16. Nc5 Nc4 17. Rfe1 Nd6 18. f3 g6 19. e4 dxe4 20. fxe4 Nb5 21. Qf2
Red8 22. e5 Ne8 23. Nxb5 axb5 24. Ne4 Bf5 25. Ng3 Ng7 26. Ne4 Bxe4 27. Bxe4 Re8
28. Bf3 1/2-1/2

[Event "Master Tournament (MTO)"]
[Site "Biel/Bienne"]
[Date "2018.08.01"]
[Round "9.15"]
[White "Meins, Gerlef"]
[Black "Michalik, Peter"]
[Result "0-1"]
[WhiteElo "2409"]
[BlackElo "2562"]
[PlyCount "128"]
[EventDate "2018.07.23"]

1. Nf3 d5 2. d4 e6 3. c4 a6 4. Qc2 dxc4 5. Qxc4 b5 6. Qc2 Bb7 7. Bg5 Nf6 8.
Nbd2 Nbd7 9. Bxf6 gxf6 10. e4 c5 11. a4 cxd4 12. axb5 Nc5 13. bxa6 d3 14. Qb1
Bxa6 15. b4 Rb8 16. Qc1 Rxb4 17. Rxa6 Nxa6 18. Qc6+ Qd7 19. Qxa6 Ra4 20. Qxd3
Ra1+ 21. Ke2 Qa4 22. Qb3 Qa6+ 23. Qc4 Qxc4+ 24. Nxc4 Bb4 25. g3 O-O 26. Bg2
Ra2+ 27. Ncd2 Rd8 28. Rd1 h5 29. h4 Ba5 30. Ke3 Bb4 31. Bh3 Ra3+ 32. Ke2 Ra2
33. Ke3 Kf8 34. Ke2 f5 35. exf5 e5 36. Kf1 f6 37. Rb1 Bxd2 38. Rd1 Ba5 39.
Rxd8+ Bxd8 40. Ng1 Bb6 41. Ne2 Ke7 42. f3 Ra3 43. Kg2 Be3 44. g4 Ra2 45. Kf1
hxg4 46. Bxg4 Rc2 47. h5 Bf4 48. Ke1 Kf7 49. Kd1 Rc4 50. Ke1 Kg7 51. Kf1 Kh6
52. Ng1 Rc2 53. Nh3 Be3 54. Ke1 Kg7 55. Kf1 Kf8 56. Ke1 Ra2 57. Kf1 Rb2 58. Ke1
Ke7 59. Kf1 Kd6 60. h6 Bxh6 61. Nf2 Kd5 62. Ne4 Bg5 63. Nxg5 fxg5 64. f6 Rb4
0-1